Batman and friends : (Record no. 6770)

MARC details
000 -LEADER
fixed length control field 01011nam a22002657a 4500
001 - CONTROL NUMBER
control field 6770
003 - CONTROL NUMBER IDENTIFIER
control field FISKH
005 - DATE AND TIME OF LATEST TRANSACTION
control field 20250527111211.0
008 - FIXED-LENGTH DATA ELEMENTS--GENERAL INFORMATION
fixed length control field 250527b cb ||||| |||| 00| 0 eng d
020 ## - INTERNATIONAL STANDARD BOOK NUMBER
International Standard Book Number 9780448458700
040 ## - CATALOGING SOURCE
Original cataloging agency FISKH
Language of cataloging eng
Transcribing agency FISKH
Modifying agency FISKH
050 ## - LIBRARY OF CONGRESS CALL NUMBER
Classification number PZ7.A8152 B
082 ## - DEWEY DECIMAL CLASSIFICATION NUMBER
Classification number 443
100 ## - MAIN ENTRY--PERSONAL NAME
Personal name Ashe, Jade
245 ## - TITLE STATEMENT
Title Batman and friends :
Remainder of title Batman the brave and the bold /
Statement of responsibility, etc. Adapted by Jade Ashe ; based on teleplays by J. M. Dematteis, Marsha Griffin, and Steven Melching ; Batman created by Bob Kane
260 ## - PUBLICATION, DISTRIBUTION, ETC.
Place of publication, distribution, etc. New York :
Name of publisher, distributor, etc. Penguin Young Readers,
Date of publication, distribution, etc. 2012.
300 ## - PHYSICAL DESCRIPTION
Extent 32 pages :
Other physical details color illustrations ;
Dimensions 23 cm
505 ## - FORMATTED CONTENTS NOTE
Formatted contents note N<br/>
520 ## - SUMMARY, ETC.
Summary, etc. "Join Batman as he teams up with his friends Green Lantern, Plastic Man, Robin, and more to fight crime! Batman and his friends battle many enemies but work together to save the day."
521 8# - TARGET AUDIENCE NOTE
Target audience note 550<br/>
Source Lexile<br/>
521 8# - TARGET AUDIENCE NOTE
Target audience note N<br/>
Source Raz-Plus<br/>
650 ## - SUBJECT ADDED ENTRY--TOPICAL TERM
Topical term or geographic name entry element Superheroes
Form subdivision Picture Book
942 ## - ADDED ENTRY ELEMENTS (KOHA)
Source of classification or shelving scheme Dewey Decimal Classification
Koha item type Books
Suppress in OPAC No
Holdings
Withdrawn status Lost status Source of classification or shelving scheme Damaged status Not for loan Collection Home library Current library Shelving location Date acquired Total Checkouts Full call number Barcode Date last seen Copy number Price effective from Koha item type
    Dewey Decimal Classification     Juvenile Fiction Footprints International School Library Network Toul Kork Campus Footprints International School Library Network Toul Kork Campus TK Primary Library Room(4th Floor), Bookcase 3&4, Shelves 17-32, Yellow Books 05/27/2025   ASH 443 PZ7.A8152 B FISTK01335 05/27/2025 1 05/27/2025 Books